00713nam a22001697a 450000500170000001000130001702000260003003500110005603700130006708200120008010000300009224501480012224601060027026000520037627000920042830000230052020201209160246.0 aUR-10959 c400.00a9789390100156 aU-9514 bDBAD/PUB a410.440 aشيخ عبد ا لغنی aسنسکر ت ا و ر ا ر د و کے لسا نی و ا د بی ر و ا بط و تہز يبی ہم آ ہنگی cشيخ عبد ا لغنی bSanskrit Aur Urdu Ke Lisaani Wa Adabi Rawaabit wa Tehzeebi Hum Aahangi (Urdu)aby Shaikh Abdul Ghani  aN.Delhi bEducational Publishing Housec2020 ء aH.O.D1/16,Ansari Road,Darya ganj,bN.Delhie110002k45678285,23216162l0091-11-23211540 a183 ص c22 Cm(Hb)